[Event "Ruhrgebiet Verbandsbezirksliga Gr 1"]
[Site "Ruhrgebiet"]
[Date "2019.01.27"]
[Round "5.8"]
[White "Huerter, Wilhelm"]
[Black "Rudlof, Juergen"]
[Result "1-0"]
[WhiteElo "1681"]
[BlackElo "1635"]
[PlyCount "69"]
[EventDate "2018.09.30"]
[EventType "team-tourn"]
[EventRounds "9"]
[EventCountry "GER"]
[SourceTitle "EXT 2022"]
[Source "ChessBase"]
[SourceDate "2021.10.06"]
[SourceVersion "1"]
[SourceVersionDate "2021.10.06"]
[SourceQuality "1"]
[WhiteTeam "Ahlen SV II"]
[BlackTeam "Boenen SV II"]
[WhiteTeamCountry "GER"]
[BlackTeamCountry "GER"]

1. f4 e5 2. fxe5 d6 3. Nf3 Bg4 4. e4 dxe5 5. Bc4 Nc6 6. c3 Nh6 7. d3 Bh5 8. b4 Bd6 9. 0-0 Qe7 10. Qe1 a6 11. a4 Rd8 12. Bxh6 gxh6 13. Nh4 Rg8 14. Qf2 Rd7 15. Nd2 Qf8 16. Kh1 Ne7 17. a5 Qg7 18. Ra2 Bg6 19. Rg1 Nc8 20. Nf5 Bxf5 21. Qxf5 Qg6 22. Qf2 Be7 23. Nf3 Bf6 24. Raa1 Nd6 25. Bb3 Nb5 26. Bc4 Nd6 27. Ba2 Nb5 28. Qc2 Qg4 29. Raf1 Qf4 30. Ne1 Qh4 31. Rf5 Nd6 32. Nf3 Nxf5 33. Nxh4 Nxh4 34. g3 Nf3 35. Rf1 1-0

[Event "Ruhrgebiet Bezirksliga 17/18"]
[Site "Ruhrgebiet"]
[Date "2017.11.19"]
[Round "4.7"]
[White "Zimmer, Sebastian"]
[Black "Huerter, Wilhelm"]
[Result "1/2-1/2"]
[WhiteElo "1684"]
[BlackElo "1673"]
[PlyCount "107"]
[EventDate "2017.09.03"]
[EventType "team-tourn"]
[EventRounds "9"]
[EventCountry "GER"]
[SourceTitle "EXT 2022"]
[Source "ChessBase"]
[SourceDate "2021.10.06"]
[SourceVersion "1"]
[SourceVersionDate "2021.10.06"]
[SourceQuality "1"]
[WhiteTeam "Werl Wickede SG"]
[BlackTeam "Ahlen SV II"]
[WhiteTeamCountry "GER"]
[BlackTeamCountry "GER"]

1. e4 d6 2. d4 h5 3. Nf3 g6 4. c4 Bh6 5. Bd3 Bxc1 6. Qxc1 Nh6 7. Nc3 c6 8. 0-0 Bg4 9. Qe3 Nd7 10. Rfe1 Bxf3 11. Qxf3 e5 12. d5 Qe7 13. b4 Ng4 14. a4 g5 15. dxc6 bxc6 16. b5 Rc8 17. h3 Nh6 18. Qe3 c5 19. Nd5 Qd8 20. Be2 g4 21. hxg4 hxg4 22. Qg3 Nf6 23. Nxf6+ Qxf6 24. a5 Qg6 25. f3 Ke7 26. b6 f5 27. exf5 Nxf5 28. Bd3 Nxg3 29. Bxg6 gxf3 30. gxf3 Rcg8 31. Bd3 Nf5+ 32. Kf1 Rh1+ 33. Ke2 Nd4+ 34. Ke3 Rxe1+ 35. Rxe1 axb6 36. axb6 Nc6 37. Be4 Na5 38. Bd5 Rb8 39. Ra1 Nb3 40. Ra7+ Kd8 41. b7 Kc7 42. Ra3 Nd4 43. Ra8 Nf5+ 44. Kd3 Ne7 45. Be4 Ng8 46. Ra6 Nf6 47. Rc6+ Kd7 48. Rb6 Nxe4 49. Kxe4 Kc7 50. Rb1 Kc6 51. Rb2 Rxb7 52. Rxb7 Kxb7 53. Kd5 Kc7 54. Ke6 1/2-1/2

[Event "Ruhrgebiet Bezirksliga 17/18"]
[Site "Ruhrgebiet"]
[Date "2017.09.17"]
[Round "2.8"]
[White "Huerter, Wilhelm"]
[Black "Przybela, Josef Franz"]
[Result "1/2-1/2"]
[WhiteElo "1673"]
[BlackElo "1645"]
[PlyCount "69"]
[EventDate "2017.09.03"]
[EventType "team-tourn"]
[EventRounds "9"]
[EventCountry "GER"]
[SourceTitle "EXT 2022"]
[Source "ChessBase"]
[SourceDate "2021.10.06"]
[SourceVersion "1"]
[SourceVersionDate "2021.10.06"]
[SourceQuality "1"]
[WhiteTeam "Ahlen SV II"]
[BlackTeam "Hamm Koenigsspringer II"]
[WhiteTeamCountry "GER"]
[BlackTeamCountry "GER"]

1. f4 d5 2. e3 Nf6 3. Nf3 g6 4. d4 Bg7 5. Bd3 Nbd7 6. 0-0 0-0 7. Nbd2 c5 8. c3 a5 9. Qe1 b6 10. Qh4 Ba6 11. Bxa6 Rxa6 12. Ng5 h6 13. Nh3 e6 14. Nf3 Ne4 15. Qe1 b5 16. Nf2 Nxf2 17. Rxf2 c4 18. g4 Nf6 19. g5 Ne4 20. gxh6 Bxh6 21. Rg2 Kg7 22. Bd2 Rh8 23. Qe2 Kg8 24. Be1 Bg7 25. Rg4 Rb6 26. Qg2 b4 27. cxb4 axb4 28. Bh4 Bf6 29. Bxf6 Nxf6 30. Rg3 Kg7 31. Ne5 Rh6 32. Rf3 Rh5 33. Rg3 Rh6 34. Rf1 Ne4 35. Rgf3 1/2-1/2

[Event "Muenster Bezirksliga 0607"]
[Site "Germany"]
[Date "2006.10.28"]
[Round "2.8"]
[White "Lysyy, Volodymyr"]
[Black "Huerter, Wilhelm"]
[Result "0-1"]
[WhiteElo "1844"]
[BlackElo "1750"]
[PlyCount "36"]
[EventDate "2006.09.16"]
[EventType "team"]
[EventRounds "9"]
[EventCountry "GER"]
[SourceTitle "EXT 2008"]
[Source "ChessBase"]
[SourceDate "2007.11.25"]
[SourceVersion "1"]
[SourceVersionDate "2007.11.25"]
[SourceQuality "1"]
[WhiteTeam "Muenster SK V"]
[BlackTeam "Sendenhorst II"]
[WhiteTeamCountry "GER"]
[BlackTeamCountry "GER"]

1. e4 d6 2. Nf3 g6 3. Bc4 Nh6 4. 0-0 Bg4 5. h3 Bd7 6. d4 Qc8 7. Be3 c6 8. Qd2 Ng8 9. Nc3 Na6 10. Ng5 e6 11. f4 h6 12. Nf3 Nc7 13. Rae1 b5 14. Bb3 Nf6 15. Bf2 Nh7 16. Ne2 Qd8 17. c3 Qe7 18. Bh4 f6 0-1

[Event "Muenster Bezirksliga 0506"]
[Site "Muenster"]
[Date "2005.10.29"]
[Round "2.8"]
[White "Huerter, Wilhelm"]
[Black "Hartmann, Steffen"]
[Result "0-1"]
[WhiteElo "1736"]
[BlackElo "1562"]
[PlyCount "80"]
[EventDate "2005.09.10"]
[EventType "team"]
[EventRounds "9"]
[EventCountry "GER"]
[SourceTitle "EXT 2007"]
[Source "ChessBase"]
[SourceDate "2006.11.23"]
[SourceVersion "1"]
[SourceVersionDate "2006.11.23"]
[SourceQuality "1"]
[WhiteTeam "Sendenhorst II"]
[BlackTeam "Muenster V"]
[WhiteTeamCountry "GER"]
[BlackTeamCountry "GER"]

1. e4 g6 2. f4 Bg7 3. Bc4 e6 4. Nf3 Ne7 5. Bb3 0-0 6. 0-0 d5 7. e5 c5 8. d3 Nbc6 9. c3 b6 10. Qe1 Ba6 11. Bc2 d4 12. c4 Nb4 13. Na3 Bb7 14. Bb1 a6 15. Bd2 Nbc6 16. Nc2 Nf5 17. g4 Nh6 18. Qg3 Kh8 19. b4 Qe7 20. a3 b5 21. bxc5 bxc4 22. dxc4 Qxc5 23. Bb4 Nxb4 24. axb4 Qxc4 25. Nfxd4 Be4 26. Ba2 Qd3 27. Qh4 Qd2 28. Rf2 Qc3 29. Rd1 Rad8 30. Rfd2 Bxc2 31. Rxc2 Qe3+ 32. Qf2 Nxg4 33. Qxe3 Nxe3 34. Rcd2 Nxd1 35. Rxd1 Rd7 36. Kf2 Rfd8 37. Ke3 g5 38. Bc4 gxf4+ 39. Ke4 f5+ 40. exf6 Bxf6 0-1